Forme dei paesi della Coppa del Mondo 2026 - Statistics

Statistiche generali
  • Questo quiz è stato fatto 17 volte
  • Il punteggio medio è 29 su 42
Statistiche sulle risposte
con Immagini Risposta % Corretto
Australia
100%
Brasile
100%
Francia
100%
Germania
100%
Stati Uniti
100%
Croazia
88%
Inghilterra
88%
Messico
88%
Portogallo
88%
Sudafrica
88%
Argentina
81%
Austria
81%
Egitto
81%
Giappone
81%
Marocco
81%
Norvegia
81%
Spagna
81%
Algeria
75%
Canada
75%
Paesi Bassi
75%
Svizzera
75%
Arabia Saudita
69%
Iran
69%
Nuova Zelanda
69%
Tunisia
69%
Panama
63%
Scozia
63%
Senegal
63%
Haiti
56%
Uzbekistan
56%
Colombia
50%
Ecuador
50%
Ghana
50%
Giordania
50%
Qatar
50%
Uruguay
50%
Belgio
44%
Costa d'Avorio
44%
Paraguay
44%
Capo Verde
38%
Corea del Sud
38%
Curaçao
38%
Nessun quiz corrispondente trovato
Distribuzione punteggi
Percentuale di utenti per punteggio
Percentile per numero di risposta
I tuoi punteggi nel tempo
Non hai fatto questo quiz